000 005200000a22001810004500
003 MACL
005 20160525165728.0
008 160525b xxu||||| |||| 00| 0 eng d
040 _aMACL
_cMACL
041 _aHindi
082 _a891.433
100 _aप्रसन्‍ना
_959585
245 _aसीमा पार
_cप्रसन्‍ना
260 _bनवोदय सेल्‍स
_c2007
_aदिल्‍ली
350 _a150
650 _aDrama
_959586
942 _cHIN
_k891.432/PAT/D
_2ddc
999 _c21923
_d21923